[Event "Pyramiden Cup 2016"]
[Site "Fuerth"]
[Date "2016.09.03"]
[Round "5.13"]
[White "Schloetterer, Hermann"]
[Black "Gibicar, Danijel"]
[Result "0-1"]
[WhiteElo "1843"]
[BlackElo "2278"]
[PlyCount "54"]
[EventDate "2016.??.??"]
[WhiteTeam "Zabo-Eintracht Nürnberg"]
[BlackTeam "SC Eppingen"]

1. d4 Nf6 2. g3 c5 3. Nf3 cxd4 4. Nxd4 g6 5. Bg2 Bg7 6. O-O O-O 7. Nc3 Nc6 8.
e4 d6 9. h3 Bd7 10. Be3 Ne5 11. Kh2 Nc4 12. Bc1 Qb6 13. Nb3 Rac8 14. Qe2 Rfe8
15. Rb1 a5 16. Rd1 a4 17. Nd4 Qa7 18. f4 Ng4+ 19. hxg4 Bxd4 20. Nd5 e6 21. Nb4
Bb5 22. Qf3 Bg7 23. b3 axb3 24. axb3 Na3 25. Bxa3 Qxa3 26. Nd3 Rxc2 27. e5 Bc6
0-1

[Event "Pyramiden Cup 2016"]
[Site "Fuerth"]
[Date "2016.09.03"]
[Round "5.14"]
[White "Giessmann, Stephan"]
[Black "Meulner, Klaus"]
[Result "1/2-1/2"]
[WhiteElo "2252"]
[BlackElo "2124"]
[PlyCount "53"]
[EventDate "2016.??.??"]
[WhiteTeam "SK Kelheim"]
[BlackTeam "SW Nürnberg Süd"]

1. d4 d5 2. c4 c6 3. Nf3 Nf6 4. Nc3 dxc4 5. a4 Bf5 6. e3 e6 7. Bxc4 Bb4 8. O-O
Nbd7 9. Qe2 Bg6 10. e4 O-O 11. e5 Nd5 12. Nxd5 cxd5 13. Bd3 Bh5 14. Qe3 Be7 15.
a5 a6 16. Bd2 Nb8 17. Ne1 Nc6 18. f4 Rc8 19. Kh1 Bg4 20. h3 Bf5 21. g4 Be4+ 22.
Bxe4 dxe4 23. Bc3 Qd5 24. Nc2 Rfd8 25. Rfe1 Na7 26. Qxe4 Qb3 27. Ne3 1/2-1/2

[Event "Pyramiden Cup 2016"]
[Site "Fuerth"]
[Date "2016.09.03"]
[Round "5.15"]
[White "Brunsch, Michael"]
[Black "Muckle, Julius"]
[Result "0-1"]
[WhiteElo "1959"]
[BlackElo "2196"]
[PlyCount "56"]
[EventDate "2016.??.??"]
[WhiteTeam "SC Höchstadt/Aisch"]
[BlackTeam "SK Ludwigshafen"]

1. Nf3 d5 2. c4 e6 3. e3 Nf6 4. b3 Be7 5. Bb2 dxc4 6. bxc4 c5 7. Qc2 Nc6 8. a3
b6 9. Be2 Bb7 10. Rg1 h6 11. g4 Qc7 12. d3 Bd6 13. h4 O-O-O 14. Nbd2 Ne5 15.
Nxe5 Bxe5 16. f4 Bxb2 17. Qxb2 Nd7 18. O-O-O g5 19. fxg5 hxg5 20. h5 Qh2 21.
Bf3 Ne5 22. Bxb7+ Kxb7 23. Ne4 Nxd3+ 24. Rxd3 Qxg1+ 25. Kc2 Qg2+ 26. Nd2 Rxd3
27. Kxd3 Rd8+ 28. Kc3 Qe2 0-1

[Event "Pyramiden Cup 2016"]
[Site "Fuerth"]
[Date "2016.09.03"]
[Round "5.16"]
[White "Bunk, Karsten"]
[Black "Braun, Michael"]
[Result "1-0"]
[WhiteElo "2093"]
[BlackElo "2051"]
[PlyCount "37"]
[EventDate "2016.??.??"]
[WhiteTeam "SW Nürnberg Süd"]
[BlackTeam "SG Büchenbach/Roth"]

1. c4 Nf6 2. g3 c6 3. Bg2 d5 4. Nf3 e6 5. O-O b6 6. b3 Bb7 7. Bb2 Be7 8. d3 O-O
9. Nbd2 c5 10. e3 Nbd7 11. Qe2 Qc7 12. Rac1 Rac8 13. d4 Qb8 14. Ne5 Rfd8 15. f4
Ne4 16. Nxe4 dxe4 17. d5 exd5 18. Nxd7 Rxd7 19. Qg4 1-0

[Event "Pyramiden Cup 2016"]
[Site "Fuerth"]
[Date "2016.09.03"]
[Round "5.17"]
[White "Braun, Kristin"]
[Black "Wagner, Florian"]
[Result "1/2-1/2"]
[WhiteElo "1853"]
[BlackElo "2126"]
[PlyCount "87"]
[EventDate "2016.??.??"]
[WhiteTeam "SC Forchheim"]
[BlackTeam "SC NT Nürnberg"]

1. d4 Nf6 2. Nf3 e6 3. e3 b6 4. Bd3 Bb7 5. Nbd2 c5 6. O-O Nc6 7. b3 Nb4 8. Be2
Rc8 9. c3 Nbd5 10. c4 Nc3 11. Qe1 Nxe2+ 12. Qxe2 cxd4 13. exd4 Be7 14. Bb2 O-O
15. Rfe1 d5 16. Ne5 dxc4 17. bxc4 Bd6 18. Rac1 Nd7 19. Ne4 Bxe5 20. dxe5 Bxe4
21. Qxe4 Nc5 22. Qe3 Qd7 23. Red1 Qa4 24. Qa3 Rfd8 25. Qxa4 Nxa4 26. Ba3 Rxd1+
27. Rxd1 h6 28. Rc1 Rd8 29. Bd6 Nb2 30. Rc2 Nd3 31. g3 f6 32. f4 fxe5 33. fxe5
Rc8 34. Kf1 Kf7 35. Ke2 Nc5 36. Ke3 Nb7 37. Ke4 Ke8 38. Bb4 b5 39. c5 Kd7 40.
c6+ Rxc6 41. Rxc6 Kxc6 42. Bf8 g6 43. Bxh6 Kd7 44. Be3 1/2-1/2

[Event "Pyramiden Cup 2016"]
[Site "Fuerth"]
[Date "2016.09.03"]
[Round "5.18"]
[White "Hartmann, Thomas"]
[Black "Kreyssig, Bruno"]
[Result "1/2-1/2"]
[WhiteElo "2022"]
[BlackElo "2226"]
[PlyCount "93"]
[EventDate "2016.??.??"]
[WhiteTeam "SC Weiße Dame Ulm"]
[BlackTeam "SG Leipzig"]

1. d4 Nf6 2. c4 c5 3. Nf3 cxd4 4. Nxd4 e6 5. Nc3 d5 6. cxd5 Nxd5 7. Bd2 Bb4 8.
Nxd5 Bxd2+ 9. Qxd2 Qxd5 10. Nf3 Qxd2+ 11. Kxd2 Ke7 12. e3 Rd8+ 13. Bd3 Nc6 14.
Ke2 e5 15. Bb5 e4 16. Ng5 Bf5 17. Rhc1 f6 18. Rc5 g6 19. Nh3 Bg4+ 20. Ke1 Bxh3
21. gxh3 Rd6 22. Rac1 Kd7 23. h4 a6 24. Be2 h5 25. f3 Ne5 26. fxe4 Rc6 27. Rd1+
Ke7 28. Rxc6 Nxc6 29. Rc1 Kd6 30. Bc4 Ne5 31. Ke2 Rc8 32. Rd1+ Ke7 33. Bb3 Rc6
34. Rd2 Rc1 35. Rc2 Rxc2+ 36. Bxc2 Nc4 37. Bb3 Nxb2 38. Kd2 b5 39. Kc3 Na4+ 40.
Bxa4 bxa4 41. e5 fxe5 42. Kc4 Kd6 43. a3 Kc6 44. e4 Kd6 45. Kb4 Kc6 46. Kc4 Kd6
47. Kb4 1/2-1/2

[Event "Pyramiden Cup 2016"]
[Site "Fuerth"]
[Date "2016.09.03"]
[Round "5.19"]
[White "Guggenberger, Guido"]
[Black "Brem, Stephan"]
[Result "1-0"]
[WhiteElo "1971"]
[BlackElo "2114"]
[PlyCount "120"]
[EventDate "2016.??.??"]
[WhiteTeam "TV Tegernsee"]
[BlackTeam "SU Ebersberg-Grafing"]

1. d4 b6 2. c4 Bb7 3. Nf3 e6 4. Nc3 Bb4 5. Bd2 f5 6. a3 Bxc3 7. Bxc3 Nf6 8. b3
Ne4 9. Bb2 O-O 10. g3 d5 11. Bg2 Nd7 12. O-O Qe7 13. Rc1 Rac8 14. Ne1 c5 15.
dxc5 bxc5 16. f3 Nef6 17. e3 e5 18. cxd5 Nxd5 19. Nc2 N7b6 20. a4 Rfd8 21. Qe2
Nc7 22. Rfd1 Ba6 23. Qe1 c4 24. Nb4 Rxd1 25. Rxd1 Bb7 26. Qc3 a5 27. Nc2 Ncd5
28. Qxa5 cxb3 29. Na3 Ra8 30. Qb5 Nxa4 31. Rxd5 Nxb2 32. Rd7 Qf8 33. Qxb7 Rb8
34. Qd5+ Kh8 35. Nb5 Na4 36. Nd6 Nb6 37. Nf7+ Qxf7 38. Rd8+ Rxd8 39. Qxd8+ Qg8
40. Qxb6 h6 41. Qb5 f4 42. gxf4 exf4 43. e4 Qf7 44. Kf1 Qe6 45. Ke2 Qg6 46. Bf1
Qg1 47. Qxb3 Qxh2+ 48. Kd1 Qf2 49. Qd3 Qc5 50. Qd8+ Kh7 51. Qd5 Qf2 52. Be2
Qg1+ 53. Kc2 Qe3 54. Bd3 Qf2+ 55. Kc3 Qe1+ 56. Kc4 Qc1+ 57. Kb5 Qb2+ 58. Kc6
Qc3+ 59. Kd6 g5 60. e5+ Kg7 1-0

[Event "Pyramiden Cup 2016"]
[Site "Fuerth"]
[Date "2016.09.03"]
[Round "5.20"]
[White "Faralisz, Patrick"]
[Black "Bildt, Maximilian"]
[Result "1/2-1/2"]
[WhiteElo "1793"]
[BlackElo "2020"]
[PlyCount "90"]
[EventDate "2016.??.??"]
[WhiteTeam "SC NT Nürnberg"]
[BlackTeam "SK Zirndorf"]

1. e4 c5 2. Nf3 d6 3. Bb5+ Bd7 4. Bxd7+ Nxd7 5. O-O Ngf6 6. Qe2 e5 7. d3 g6 8.
Nc3 Bg7 9. Bg5 Qb6 10. Rab1 O-O 11. Nd2 Qc6 12. Qf3 b5 13. Rfe1 Rfe8 14. Bxf6
Nxf6 15. Nd5 Nxd5 16. exd5 Qc7 17. c4 b4 18. Ne4 Qd8 19. h4 Rb8 20. g3 Rf8 21.
Qe2 h6 22. h5 f5 23. Nd2 Qe8 24. Kg2 Bf6 25. hxg6 Qxg6 26. Rh1 Bg5 27. Nf3 f4
28. Nxg5 Qxg5 29. Qh5 Qxh5 30. Rxh5 fxg3 31. fxg3 Rf6 32. Rf1 Rbf8 33. Rxf6
Rxf6 34. a3 a5 35. axb4 axb4 36. Rh1 Kg7 37. Ra1 Kg6 38. Ra8 Kg5 39. Rg8+ Rg6
40. Rf8 Kg4 41. b3 Kg5 42. Rf7 h5 43. Rf8 Rf6 44. Rg8+ Kh6 45. Rd8 Kg5 1/2-1/2

[Event "Pyramiden Cup 2016"]
[Site "Fuerth"]
[Date "2016.09.03"]
[Round "5.21"]
[White "Kellmann, Andreas"]
[Black "Lodes, Hermann"]
[Result "1/2-1/2"]
[WhiteElo "1858"]
[BlackElo "2169"]
[PlyCount "24"]
[EventDate "2016.??.??"]
[WhiteTeam "SG Büchenbach/Roth"]
[BlackTeam "vereinslos"]

1. e4 c6 2. d4 d5 3. e5 Bf5 4. c3 e6 5. Nf3 h6 6. Be3 Qb6 7. Qb3 Nd7 8. Nbd2
Ne7 9. a4 Ng6 10. h3 Qxb3 11. Nxb3 Be7 12. Nfd2 Ngf8 1/2-1/2

[Event "Pyramiden Cup 2016"]
[Site "Fuerth"]
[Date "2016.09.03"]
[Round "5.22"]
[White "Grafe, Wilhelm"]
[Black "Tong, Kevin"]
[Result "0-1"]
[WhiteElo "2158"]
[BlackElo "2049"]
[PlyCount "52"]
[EventDate "2016.??.??"]
[WhiteTeam "SC NT Nürnberg"]
[BlackTeam "SC Erlangen"]

1. Nf3 Nf6 2. d4 d5 3. g3 Bg4 4. Nbd2 e6 5. Bg2 Bd6 6. c4 c6 7. Qb3 Qc7 8. c5
Be7 9. Ne5 Bf5 10. Ndf3 O-O 11. Bf4 Qc8 12. Nh4 Be4 13. f3 Bg6 14. Nhxg6 hxg6
15. O-O Nbd7 16. e4 Nxe5 17. Bxe5 Nd7 18. exd5 cxd5 19. Qe3 Qc6 20. b4 Nxe5 21.
Qxe5 Qb5 22. Qe1 Bf6 23. Qd2 a5 24. a3 axb4 25. axb4 Qc4 26. Kh1 Qxd4 0-1

[Event "Pyramiden Cup 2016"]
[Site "Fuerth"]
[Date "2016.09.03"]
[Round "5.23"]
[White "Schrems, Hermann"]
[Black "Bildt, Thomas"]
[Result "0-1"]
[WhiteElo "2099"]
[BlackElo "1997"]
[PlyCount "86"]
[EventDate "2016.??.??"]
[WhiteTeam "SC Emmendingen"]
[BlackTeam "SK Zirndorf"]

1. d4 d5 2. c4 c6 3. cxd5 cxd5 4. Nc3 Nf6 5. Bf4 Nc6 6. e3 Bf5 7. Nf3 Qb6 8.
Bb5 e6 9. O-O Be7 10. Ne5 O-O 11. Bxc6 bxc6 12. Na4 Qb5 13. Rc1 Rfc8 14. Re1 c5
15. dxc5 Ne4 16. g4 Bg6 17. Nxg6 hxg6 18. b3 Nxc5 19. Nxc5 Rxc5 20. Rxc5 Qxc5
21. Be5 Bf6 22. Bxf6 gxf6 23. Qd2 Rc8 24. h3 Qc2 25. Qe2 Kg7 26. f3 g5 27. Qa6
Qd2 28. Qe2 Rc2 29. Qxd2 Rxd2 30. Ra1 Re2 31. b4 Rxe3 32. Kf2 Ra3 33. Kg3 Kg6
34. b5 f5 35. gxf5+ Kxf5 36. Rb1 Rxa2 37. b6 axb6 38. Rxb6 d4 39. Rd6 e5 40. h4
gxh4+ 41. Kxh4 Rg2 42. Kh3 Rg6 43. Rd7 f6 0-1

[Event "Pyramiden Cup 2016"]
[Site "Fuerth"]
[Date "2016.09.03"]
[Round "5.24"]
[White "Suess, Stefan"]
[Black "Riedel, Lutz"]
[Result "0-1"]
[WhiteElo "2049"]
[BlackElo "2033"]
[PlyCount "112"]
[EventDate "2016.??.??"]
[WhiteTeam "SC NT Nürnberg"]
[BlackTeam "SK Krumbach"]

1. Nf3 c5 2. b3 Nc6 3. Bb2 Nf6 4. g3 g6 5. Bg2 Bg7 6. O-O O-O 7. e3 d5 8. a3 b5
9. d3 Qb6 10. a4 bxa4 11. Rxa4 Bb7 12. Nbd2 Rfe8 13. Qa1 Nb4 14. Rc1 a5 15. d4
Rec8 16. dxc5 Qxc5 17. Bf1 Ne8 18. Bxg7 Nxg7 19. c3 Qc7 20. Qb2 Nf5 21. Raa1
Nc6 22. Bg2 Ne5 23. Nxe5 Qxe5 24. Nf3 Qf6 25. Qd2 Nd6 26. Qd4 Ne4 27. c4 dxc4
28. Qxf6 Nxf6 29. Rxc4 Rxc4 30. bxc4 a4 31. Nd4 Bxg2 32. Kxg2 Nd7 33. Kf1 Nc5
34. Ra3 Rb8 35. Nb5 Kf8 36. Ke2 Ke8 37. f3 Kd7 38. Kd2 Kc6 39. Nc3 Rb2+ 40. Kd1
Rb4 41. Nd5 Rxc4 42. Nxe7+ Kb5 43. Nd5 Nb3 44. Ke2 Kc5 45. e4 f5 46. Kd3 fxe4+
47. fxe4 Rd4+ 48. Ke3 Nd2 49. Nb6 Nc4+ 50. Nxc4 Rxc4 51. Kd3 Rd4+ 52. Ke3 Rb4
53. Rc3+ Rc4 54. Rd3 Kb4 55. e5 a3 56. e6 a2 0-1

[Event "Pyramiden Cup 2016"]
[Site "Fuerth"]
[Date "2016.09.03"]
[Round "5.25"]
[White "Schunk, Eduard"]
[Black "Hirn, Oskar"]
[Result "1-0"]
[WhiteElo "2316"]
[BlackElo "2238"]
[PlyCount "61"]
[EventDate "2016.??.??"]
[WhiteTeam "vereinslos"]
[BlackTeam "SC NT Nürnberg"]

1. e4 c5 2. Nf3 Nc6 3. Bb5 d6 4. O-O Bd7 5. Re1 e6 6. c3 a6 7. Bf1 g5 8. d4 g4
9. Nfd2 h5 10. dxc5 dxc5 11. Nc4 Qc7 12. e5 Bg7 13. Qd6 Qxd6 14. Nxd6+ Kf8 15.
Nxb7 Bxe5 16. Nxc5 Bc8 17. Nd2 Nge7 18. Nc4 Bc7 19. b4 Nd5 20. Bb2 h4 21. g3
Rh5 22. a4 Rb8 23. Ba3 Kg8 24. Rac1 Ne5 25. Nxe5 Bxe5 26. Nxa6 Bxa6 27. Bxa6
Bxc3 28. Re4 Bxb4 29. Rxg4+ Kh7 30. Rb1 Bd6 31. Bd3+ 1-0

[Event "Pyramiden Cup 2016"]
[Site "Fuerth"]
[Date "2016.09.03"]
[Round "5.26"]
[White "Eck, Mathias"]
[Black "Pfadenhauer, Tobias"]
[Result "1-0"]
[WhiteElo "2080"]
[BlackElo "1819"]
[PlyCount "53"]
[EventDate "2016.??.??"]
[WhiteTeam "SF Darmstadt"]
[BlackTeam "Kronacher SK"]

1. c4 g6 2. Nf3 Bg7 3. Nc3 d6 4. g3 c5 5. Bg2 Nc6 6. O-O a6 7. e3 Nf6 8. d4
cxd4 9. Nxd4 Qc7 10. b3 O-O 11. Bb2 Bd7 12. Rc1 Qa5 13. Re1 Rfc8 14. Qe2 Rab8
15. Ba1 Na7 16. Nd5 Nxd5 17. cxd5 Nb5 18. Rcd1 Rc7 19. Be4 Rbc8 20. Bb1 Na3 21.
Be4 f5 22. Bd3 Qxd5 23. Nxf5 Bxf5 24. Bc4 Qxc4 25. bxc4 Rxc4 26. Bxg7 Kxg7 27.
Qb2+ 1-0

[Event "Pyramiden Cup 2016"]
[Site "Fuerth"]
[Date "2016.09.03"]
[Round "5.27"]
[White "Wenninger, Patrick"]
[Black "Straschewski, Joerg"]
[Result "1/2-1/2"]
[WhiteElo "1866"]
[BlackElo "1927"]
[PlyCount "60"]
[EventDate "2016.??.??"]
[WhiteTeam "Heilbronner SV"]
[BlackTeam "TSV Cadolzburg"]

1. d4 Nf6 2. c4 g6 3. Nf3 Bg7 4. Nc3 O-O 5. e4 d6 6. Be2 e5 7. O-O Nc6 8. d5
Ne7 9. b4 Nh5 10. Re1 Nf4 11. Bf1 f5 12. Nd2 g5 13. a4 g4 14. Ba3 Rf6 15. c5
Rh6 16. Bc4 Nxg2 17. Kxg2 Ng6 18. Rh1 Qh4 19. Ne2 f4 20. Kg1 Qg5 21. Bc1 Nh4
22. Ra3 Nf3+ 23. Kg2 Qg6 24. Nc3 Qh5 25. Nxf3 gxf3+ 26. Kf1 Bh3+ 27. Ke1 Bg2
28. Rg1 Qxh2 29. Kd2 Qh4 30. Qe1 Kh8 1/2-1/2

[Event "Pyramiden Cup 2016"]
[Site "Fuerth"]
[Date "2016.09.03"]
[Round "5.28"]
[White "Kroneder, Christian"]
[Black "Meulner, Fabian"]
[Result "1/2-1/2"]
[WhiteElo "2070"]
[BlackElo "1870"]
[PlyCount "45"]
[EventDate "2016.??.??"]
[WhiteTeam "SK Schwanstetten"]
[BlackTeam "SW Nürnberg Süd"]

1. e4 c5 2. Nf3 e6 3. d4 cxd4 4. Nxd4 Nc6 5. Nb5 d6 6. Bf4 e5 7. Be3 Nf6 8. Bc4
Be6 9. Bd5 Bxd5 10. exd5 Ne7 11. c4 a6 12. N5c3 Nf5 13. O-O Be7 14. Qd3 g6 15.
Nd2 O-O 16. h3 Nh5 17. Ne2 Nxe3 18. Qxe3 f5 19. f4 Nxf4 20. Nxf4 Bg5 21. g3
exf4 22. gxf4 Bf6 23. Nf3 1/2-1/2

[Event "Pyramiden Cup 2016"]
[Site "Fuerth"]
[Date "2016.09.03"]
[Round "5.29"]
[White "Khalil, Shayar"]
[Black "Turner, Radek"]
[Result "0-1"]
[WhiteElo "1846"]
[BlackElo "2055"]
[PlyCount "76"]
[EventDate "2016.??.??"]
[WhiteTeam "SC Ansbach"]
[BlackTeam "RT Regensburg"]

1. d4 Nf6 2. c4 c5 3. d5 e6 4. Nc3 exd5 5. cxd5 d6 6. e4 g6 7. f4 Bg7 8. Bb5+
Nfd7 9. a4 Qh4+ 10. g3 Qe7 11. Nge2 O-O 12. O-O Na6 13. Bxa6 bxa6 14. a5 Rb8
15. Qc2 f5 16. Ra4 Nf6 17. e5 Ne8 18. e6 Nc7 19. Be3 Bb7 20. Qd3 Ba8 21. Rb1
Rb4 22. Rxb4 cxb4 23. Bb6 axb6 24. axb6 bxc3 25. bxc7 Qxc7 26. Nxc3 Qc5+ 27.
Kf1 Bxc3 28. bxc3 Bxd5 29. Qd4 Qxd4 30. cxd4 Bxe6 31. Rb6 Bc4+ 32. Ke1 d5 33.
Kd2 a5 34. Rb7 Ra8 35. h3 a4 36. Kc1 a3 37. Kb1 a2+ 38. Ka1 Re8 0-1

[Event "Pyramiden Cup 2016"]
[Site "Fuerth"]
[Date "2016.09.03"]
[Round "5.30"]
[White "Beesk, Kevin"]
[Black "Cordts, Elof"]
[Result "1-0"]
[WhiteElo "1965"]
[BlackElo "1649"]
[PlyCount "55"]
[EventDate "2016.??.??"]
[WhiteTeam "SK Neumarkt"]
[BlackTeam "SC Erlangen"]

1. Nc3 c5 2. e4 Nc6 3. g3 e6 4. Bg2 Be7 5. d3 Nf6 6. f4 d6 7. Nf3 a6 8. O-O Qc7
9. h3 b5 10. Be3 Bb7 11. Ne2 Rc8 12. g4 Nd4 13. Ng3 Nxf3+ 14. Qxf3 Nd7 15. c3
O-O 16. Qe2 Rfd8 17. g5 Rf8 18. f5 d5 19. Nh5 d4 20. cxd4 cxd4 21. Bxd4 Bxg5
22. Bxg7 Rfe8 23. Qg4 Qb6+ 24. Kh1 Qe3 25. Rae1 Qd2 26. Re2 Qxd3 27. Qxg5 Re7
28. Bh6+ 1-0

[Event "Pyramiden Cup 2016"]
[Site "Fuerth"]
[Date "2016.09.03"]
[Round "5.31"]
[White "Schmitz, Tim"]
[Black "Bader, Dominic"]
[Result "1/2-1/2"]
[WhiteElo "1808"]
[BlackElo "2066"]
[PlyCount "101"]
[EventDate "2016.??.??"]
[WhiteTeam "SC Sendling"]
[BlackTeam "SG Büchenbach/Roth"]

1. e4 c5 2. Nf3 d6 3. d4 cxd4 4. Nxd4 Nf6 5. Nc3 a6 6. Bg5 e6 7. f4 Be7 8. Qf3
Qc7 9. O-O-O Nbd7 10. g4 b5 11. Bxf6 Nxf6 12. g5 Nd7 13. f5 Bxg5+ 14. Kb1 Ne5
15. Qh5 Qd8 16. fxe6 g6 17. Qe2 Bxe6 18. Nxe6 fxe6 19. a3 O-O 20. Bh3 Qe7 21.
Rhg1 Bf6 22. Rg3 Kh8 23. Rf1 Bg7 24. Rxf8+ Rxf8 25. Qg2 Nc4 26. Bg4 Be5 27. Rd3
Rf6 28. h4 Qf7 29. Nd1 Rf1 30. Ka2 Rf6 31. b3 Nb6 32. Rf3 Nd7 33. Ne3 Bf4 34.
Qh3 Nc5 35. h5 g5 36. Ng2 Nxe4 37. Nxf4 gxf4 38. Qh4 e5 39. Bh3 Ng3 40. h6 Qg6
41. Rc3 Rf8 42. Rc7 Rg8 43. Kb2 Nh5 44. Qe7 Qxh6 45. Be6 Nf6 46. Bxg8 Nxg8 47.
Rc8 Qg7 48. Qxd6 e4+ 49. Kb1 f3 50. Qe6 f2 51. Rxg8+ 1/2-1/2

[Event "Pyramiden Cup 2016"]
[Site "Fuerth"]
[Date "2016.09.03"]
[Round "5.32"]
[White "Woerl, Richard"]
[Black "Dippel, Joerg"]
[Result "1-0"]
[WhiteElo "2050"]
[BlackElo "1799"]
[PlyCount "101"]
[EventDate "2016.??.??"]
[WhiteTeam "SW Nürnberg Süd"]
[BlackTeam "SC And Nbg"]

1. e4 e6 2. d4 d5 3. Nd2 dxe4 4. Nxe4 Bd7 5. Nf3 Bc6 6. Bd3 Nd7 7. O-O Ngf6 8.
Qe2 Bxe4 9. Bxe4 Nxe4 10. Qxe4 c6 11. Re1 Be7 12. Bf4 Nf6 13. Qe2 Qb6 14. c3
Qb5 15. Qc2 O-O 16. Bg5 Qd5 17. Re5 Qd8 18. Rae1 Ng4 19. Bxe7 Qxe7 20. R5e2
Rfd8 21. h3 Nf6 22. Ne5 c5 23. dxc5 Qxc5 24. Rd2 Rxd2 25. Qxd2 Qc7 26. Qd4 b6
27. Rd1 h6 28. c4 Rc8 29. b4 Qe7 30. a3 g6 31. Kf1 Rc7 32. Ke2 Nh7 33. Qd8+
Qxd8 34. Rxd8+ Kg7 35. Rd7 Rxd7 36. Nxd7 Nf6 37. Ne5 Ne8 38. Kd3 Nc7 39. Kd4 f6
40. Nc6 e5+ 41. Ke4 a6 42. Ne7 Kf7 43. Nd5 Na8 44. f4 exf4 45. Nxf4 g5 46. Ne2
Nc7 47. Nd4 h5 48. g3 Ne6 49. Nf5 Ke8 50. Ne3 Nc7 51. Kf5 1-0

[Event "Pyramiden Cup 2016"]
[Site "Fuerth"]
[Date "2016.09.03"]
[Round "5.33"]
[White "Noeckler, Alexander"]
[Black "Guenther, Patrick"]
[Result "0-1"]
[WhiteElo "1887"]
[BlackElo "2013"]
[PlyCount "80"]
[EventDate "2016.??.??"]
[WhiteTeam "SK Weiden"]
[BlackTeam "Elmshorner SC"]

1. c4 g6 2. Nc3 c5 3. g3 Nc6 4. Bg2 Bg7 5. d3 e6 6. e4 Nge7 7. Nge2 O-O 8. O-O
d6 9. a3 b6 10. Rb1 Bb7 11. Be3 Nd4 12. b4 Qd7 13. Qd2 Rfe8 14. f4 Rad8 15.
Bxd4 cxd4 16. Nb5 Nc6 17. a4 a6 18. Na3 Ne7 19. b5 a5 20. Nc2 e5 21. fxe5 dxe5
22. c5 bxc5 23. Qxa5 Ra8 24. Qb6 c4 25. Nb4 cxd3 26. Nxd3 Nc8 27. Qc5 Rxa4 28.
Qc2 Ra3 29. Nec1 Rc3 30. Qe2 Nd6 31. Na2 Rc4 32. Nf2 Qc7 33. Rfc1 Rc8 34. Bf1
Qb6 35. Qe1 Rxc1 36. Nxc1 h5 37. Bd3 Bh6 38. Nb3 Rc3 39. Nd2 Be3 40. Qf1 Bxd2
0-1

[Event "Pyramiden Cup 2016"]
[Site "Fuerth"]
[Date "2016.09.03"]
[Round "5.34"]
[White "Hornung, Hans"]
[Black "Walter, Stefan"]
[Result "0-1"]
[WhiteElo "2050"]
[BlackElo "1934"]
[PlyCount "130"]
[EventDate "2016.??.??"]
[WhiteTeam "SK Klosterlechfeld"]
[BlackTeam "SG Fürth"]

1. c4 e6 2. Nc3 d5 3. d4 Be7 4. Nf3 Nf6 5. Bg5 h6 6. Bxf6 Bxf6 7. e3 O-O 8. Qd2
Be7 9. O-O-O a6 10. Kb1 dxc4 11. Bxc4 b5 12. Bd3 Bb7 13. Be4 Bxe4+ 14. Nxe4 Nd7
15. Qc2 Rc8 16. Qc6 Nb8 17. Qc3 Qd5 18. Ng3 Rfd8 19. e4 Qb7 20. Rhe1 b4 21. Qc4
Nd7 22. d5 Nb6 23. Qc6 Qxc6 24. dxc6 Rd6 25. Rxd6 Bxd6 26. e5 Be7 27. Rd1 Rd8
28. Rxd8+ Bxd8 29. Ne4 Be7 30. Nd4 Kf8 31. g3 Na4 32. Nb3 f6 33. exf6 gxf6 34.
Kc2 Kf7 35. Ned2 e5 36. Na5 Nb6 37. Kd3 Ke6 38. Ndc4 Nd5 39. f3 Bc5 40. g4 f5
41. Nb7 Be7 42. Ne3 Nxe3 43. Kxe3 fxg4 44. fxg4 Kd5 45. Na5 Bg5+ 46. Ke2 e4 47.
b3 Kc5 48. Nc4 Kxc6 49. Ne5+ Kd6 50. Nc4+ Ke6 51. Kf2 Kd5 52. Ne3+ Kd4 53. Nf5+
Kd3 54. h4 Bd2 55. Ng3 c5 56. h5 a5 57. Kg2 Bf4 58. g5 Bxg5 59. Kf1 e3 60. Ne2
c4 61. bxc4 Kxc4 62. Ke1 a4 63. Kd1 b3 64. axb3+ axb3 65. Kc1 Kd3 0-1

[Event "Pyramiden Cup 2016"]
[Site "Fuerth"]
[Date "2016.09.03"]
[Round "5.35"]
[White "Wieczorek, Heinz"]
[Black "Redzepovic, Irfan"]
[Result "1-0"]
[WhiteElo "1793"]
[BlackElo "2124"]
[PlyCount "43"]
[EventDate "2016.??.??"]
[WhiteTeam "SW Nürnberg Süd"]
[BlackTeam "SW Nürnberg Süd"]

1. e4 g6 2. d4 Bg7 3. c4 d6 4. Nc3 Nf6 5. Bd3 O-O 6. Nge2 e5 7. d5 c6 8. Ng3
Na6 9. O-O Ne8 10. a3 f5 11. exf5 gxf5 12. f4 e4 13. Bc2 Rf6 14. Nh5 Rh6 15.
Nxg7 Kxg7 16. Qd4+ Nf6 17. dxc6 bxc6 18. Rd1 d5 19. cxd5 c5 20. Qe5 Kg8 21. d6
Ng4 22. Bb3+ 1-0

[Event "Pyramiden Cup 2016"]
[Site "Fuerth"]
[Date "2016.09.03"]
[Round "5.36"]
[White "Weissmann, Peter"]
[Black "Rohde, Patrick"]
[Result "1/2-1/2"]
[WhiteElo "1778"]
[BlackElo "1964"]
[PlyCount "67"]
[EventDate "2016.??.??"]
[WhiteTeam "SK Zirndorf"]
[BlackTeam "Elmshorner SC"]

1. e4 c5 2. Nf3 e6 3. d4 cxd4 4. Nxd4 Nf6 5. Bd3 Nc6 6. Be3 Be7 7. g4 Ne5 8. h3
d6 9. Nc3 Nfd7 10. Qd2 a6 11. O-O-O b5 12. Kb1 Bb7 13. f4 Nxd3 14. cxd3 Nc5 15.
Rhf1 b4 16. Nce2 a5 17. f5 e5 18. Nf3 d5 19. Nxe5 dxe4 20. d4 Nd7 21. g5 f6 22.
Nxd7 Qxd7 23. h4 Rc8 24. Ng3 Ba6 25. Rf2 Bd3+ 26. Ka1 Kf7 27. h5 fxg5 28. h6
gxh6 29. f6 Bf8 30. Rc1 Rxc1+ 31. Qxc1 Rg8 32. Qd1 Rg6 33. Qb3+ Qe6 34. d5
1/2-1/2

[Event "Pyramiden Cup 2016"]
[Site "Fuerth"]
[Date "2016.09.03"]
[Round "5.37"]
[White "Hoffmann, Sebastian"]
[Black "Petrashov, Alexander"]
[Result "0-1"]
[WhiteElo "2003"]
[BlackElo "1785"]
[PlyCount "76"]
[EventDate "2016.??.??"]
[WhiteTeam "SC NT Nürnberg"]
[BlackTeam "SC NT Nürnberg"]

1. e4 e6 2. Nf3 d5 3. Nc3 Nf6 4. e5 Nfd7 5. d4 a6 6. Bd3 c5 7. dxc5 Nc6 8. Bf4
Nxc5 9. O-O Be7 10. Re1 O-O 11. h4 b5 12. Bg5 h6 13. Bf4 Nxd3 14. cxd3 b4 15.
Na4 Bd7 16. g3 Qa5 17. b3 Rfc8 18. d4 Na7 19. Kg2 Bxa4 20. bxa4 Rc3 21. Qd2
Qxa4 22. Bxh6 gxh6 23. Qxh6 Rxf3 24. Kxf3 Rc8 25. Rec1 Rc3+ 26. Kg2 Nb5 27. Qf4
Qa3 28. h5 Nxd4 29. Rxc3 bxc3 30. Qxd4 Qb4 31. Qd3 Qc5 32. Rb1 Qc7 33. Qd4 Ba3
34. h6 Qc4 35. Rb8+ Kh7 36. Qa7 Qe4+ 37. Kh2 Qf5 38. Rf8 Bxf8 0-1

[Event "Pyramiden Cup 2016"]
[Site "Fuerth"]
[Date "2016.09.03"]
[Round "5.38"]
[White "Luessmann, Thomas"]
[Black "Homi, Joseph"]
[Result "1-0"]
[WhiteElo "1955"]
[BlackElo "1787"]
[PlyCount "51"]
[EventDate "2016.??.??"]
[WhiteTeam "SK Gräfelfing"]
[BlackTeam "SG Fürth"]

1. Nf3 Nf6 2. d4 e6 3. c4 Bb4+ 4. Bd2 Bxd2+ 5. Qxd2 c5 6. dxc5 O-O 7. Nc3 Qa5
8. Ne4 Qd8 9. Nxf6+ Qxf6 10. Rd1 a5 11. e4 Nc6 12. Bd3 Ne5 13. Be2 a4 14. O-O
a3 15. b3 Nc6 16. Rb1 Qg6 17. Bd3 h6 18. Bc2 Qh5 19. b4 f5 20. exf5 exf5 21.
Rfe1 Rf6 22. b5 Nd8 23. Qd5+ Ne6 24. Nd4 Kh8 25. Bxf5 Nf4 26. Qe4 1-0

[Event "Pyramiden Cup 2016"]
[Site "Fuerth"]
[Date "2016.09.03"]
[Round "5.39"]
[White "Cipra, Lothar"]
[Black "Koehler, Lukas"]
[Result "1-0"]
[WhiteElo "1965"]
[BlackElo "1681"]
[PlyCount "99"]
[EventDate "2016.??.??"]
[WhiteTeam "SK Schwanstetten"]
[BlackTeam "SC Bamberg"]

1. d4 d5 2. c4 c6 3. Nc3 Nf6 4. Nf3 e6 5. Bg5 Nbd7 6. e3 Bd6 7. Bd3 dxc4 8.
Bxc4 O-O 9. O-O b5 10. Bd3 Bb7 11. Rc1 Be7 12. a3 a6 13. b4 h6 14. Bh4 Nh5 15.
Bxe7 Qxe7 16. Bb1 Nhf6 17. Ne5 Nxe5 18. dxe5 Nd7 19. Qc2 g6 20. Qe4 Rab8 21.
Rfd1 c5 22. Qf4 Kg7 23. Ne4 Bxe4 24. Qxe4 c4 25. Rd6 Nb6 26. h4 h5 27. g3 Rfd8
28. Rcd1 Nd5 29. Qd4 Rxd6 30. exd6+ Qf6 31. Qa7 Rd8 32. Qxa6 Nc3 33. Re1 Qf3
34. Qb6 Nd1 35. Qd4+ e5 36. Qxd1 Qc6 37. Bc2 Rxd6 38. Qe2 Qa6 39. Ra1 c3 40.
Bd3 Qc8 41. Kh2 Qd8 42. Rd1 Qa8 43. Bxb5 Rb6 44. a4 Qe4 45. Rc1 Rd6 46. Rxc3
Qb1 47. Rd3 Rf6 48. e4 Qxb4 49. Rf3 Rd6 50. Qc4 1-0